000 00748nam a2200217 a 4500
001 000010612
005 20240412074220.0
008 091008s19uu dr 000 p spa d
040 _aDO-SdBNP
_bspa
_cBNPHU
082 _aRD861.44
_bN753p
100 1 _aNoboa Herasme, Jorge Viriato
_d1939-
_925694
245 1 0 _aPoemas para un viaje y otros más /
_cJorge V. Noboa Herasme, R. Danilo Noboa Herasme.
260 _aSanto Domingo :
_bTele-3,
_c[197-?].
300 _a138 p. ;
_c22 cm.
500 _aIncluye datos biográficos de los autores
590 _aInventariado, 2018/LP
650 0 _aPoesía dominicana
_966
650 0 _aLiteratura dominicana.
_967
700 1 2 _aNoboa Herasme, R. Danilo
_925695
910 _aValidado. Control de calidad MFF
999 _c10370
_d10370